00674nam a22001812 4500001001100000005001700011008004100028020001700069040001500086100003500101245008200136260003600218300001900254650006800273650006800341650008000409852000300489000002514720151217145951.0150122s xx 000 0 eng d a0071802604 : aKABUcKABU1 aWilliams, Linda D.@000018558210a5 steps to A 5 AP environmental science :b2014-2015 /cby Linda D. Williams. aNew York :bMcGraw-Hill,c2015. axviii, 285 p. 0aEnvironmental sciencesvExaminations, study guides.@0000185583 0aEnvironmental sciencesvExaminations, study guides.@0000185583 0aColleges and UniversitiesxEntrance examinations, study guides.@00001855841